Proceso de la información de actualidad en televisión
I tiakina i:
| Kaituhi matua: | |
|---|---|
| Hōputu: | Pukapuka |
| Reo: | Pāniora |
| I whakaputaina: |
Madrid
Instituto Ofciial de Radio y Televisión
1992
|
| Rangatū: | Estudios Profesionales
|
| Ngā marau: | |
| Ngā Tūtohu: |
Tāpirihia he Tūtohu
Kāore He Tūtohu, Me noho koe te mea tuatahi ki te tūtohu i tēnei pūkete!
|
MARC
| LEADER | 00000nam a2200000 a 4500 | ||
|---|---|---|---|
| 001 | UCL3818 | ||
| 003 | CL-VaPUC | ||
| 008 | 031212e19920000SP |||||||||||||||||spa|d | ||
| 020 | |a 8486984785 | ||
| 082 | 0 | 4 | |a 302.2345 |b BAR |2 21 |
| 100 | 0 | |a Barroso García, Jaime |e author |9 481233 | |
| 245 | 1 | 0 | |a Proceso de la información de actualidad en televisión |
| 300 | |a 518 p | ||
| 942 | |c BK | ||
| 945 | |d 20031212 00:00:00 |a cmena | ||
| 260 | |a Madrid |b Instituto Ofciial de Radio y Televisión |c 1992 | ||
| 650 | 0 | |a Transferencia de información |9 335933 | |
| 650 | 0 | |a Medios de comunicación de masas |9 257273 | |
| 650 | 0 | |a Televisión |9 256845 | |
| 650 | 0 | |a Medios audiovisuales |9 269063 | |
| 583 | |a last modification |c 20031212 00:00:00 |k Rodrigo Vera | ||
| 490 | 0 | |a Estudios Profesionales | |
| 999 | |c 306823 |d 306821 | ||
| 952 | |0 0 |1 0 |4 0 |6 302_234500000000000_BAR_1992 |7 0 |8 A |9 372184 |a BIBCUR |b BIBCUR |d 2019-11-21 |i 3973573 |l 2 |o 302.2345 BAR 1992 |p 3973573 |r 2025-04-22 |s 2022-10-24 |w 2019-11-21 |y BK |k PER | ||